| 000 | 01316nam a22003257a 4500 | ||
|---|---|---|---|
| 001 | 7453 | ||
| 003 | FISKH | ||
| 005 | 20250716105101.0 | ||
| 008 | 250716b cb ||||| |||| 00| 0 eng d | ||
| 020 | _a9780439661638 | ||
| 040 |
_aFISKH _beng _cFISKH _dFISKH |
||
| 050 | _aPZ7 .T2555 | ||
| 082 | _a853.92 | ||
| 100 | _aStilton, Geronimo | ||
| 245 |
_aThe temple of the Ruby of fire / _cBy Geronimo Stilton |
||
| 250 | _aFirst printing , December 2004 | ||
| 260 |
_aNew York : _bScholastic, _c2003. |
||
| 300 |
_a106 pages : _bcolor illustrations , maps ; _c20 cm . |
||
| 490 |
_aGeronimo Stilton _v14 |
||
| 505 | _aH | ||
| 520 | _aIt was my most thrilling adventure yet! My old friend Professor von Volt had discovered the location of the famous Ruby of Fire. And before I could let out a squeak of protest, my sister Thea had dragged me into race to be the first to find the legendary gem. The jewel was protected by thousands of ancient booby-traps -- a 'fraidy mouse's worst nightmare? Would I make it through with my fur? | ||
| 521 | 8 |
_a440
_bLexile |
|
| 521 | 8 |
_aH
_bRaz-Plus |
|
| 650 |
_aAccelerated Reader _vFiction |
||
| 650 |
_aMice _vFiction |
||
| 700 |
_aStracchino, Johnny _eIllustrator |
||
| 700 |
_aFontina, Mary _eIllustrator |
||
| 942 |
_2ddc _cBK _n0 |
||
| 999 |
_c7453 _d7453 |
||